000 00639cam a2200205 4500500
005 20260405004059.0
041 _afre
042 _adc
100 1 0 _aMuras, Stéphane
_eauthor
245 0 0 _aDébut et fin d’un débat
260 _c2021.
500 _a28
690 _aDébat
690 _aDialogue
690 _aÉloquence
690 _aRhétorique
690 _aStéphane Muras
786 0 _nPhilosophie magazine - Hors séries | Hors-série Autome-hiver 2021 | HS51 | 2021-10-01 | p. 18-18 | 2104-9246
856 4 1 _uhttps://shs.cairn.info/magazine-philosophie-magazine-2021-hs51-page-18?lang=fr&redirect-ssocas=7080
999 _c2073508
_d2073508